Capital Dynamics, Global Value Chains, Competitiveness and Barriers to FDI and Capital Accumulation in the EU (Record no. 8884)

MARC details
000 -LEADER
fixed length control field 01955nam a22003617u 4500
001 - CONTROL NUMBER
control field pwiiw5346
003 - CONTROL NUMBER IDENTIFIER
control field OSt
005 - DATE AND TIME OF LATEST TRANSACTION
control field 20260516120020.0
008 - FIXED-LENGTH DATA ELEMENTS--GENERAL INFORMATION
fixed length control field 200617t2020 au ||||| |||| 00| ||eng d
040 ## - CATALOGING SOURCE
Transcribing agency OSt
041 ## - LANGUAGE CODE
Language code of text/sound track or separate title eng
084 ## - OTHER CLASSIFICATION NUMBER
Classification number F14
-- F15
-- F21
-- E22
-- O47
Number source jelc
100 1# - MAIN ENTRY--PERSONAL NAME
Personal name Adarov, Amat
245 10 - TITLE STATEMENT
Title Capital Dynamics, Global Value Chains, Competitiveness and Barriers to FDI and Capital Accumulation in the EU
260 ## - PUBLICATION, DISTRIBUTION, ETC.
Place of publication, distribution, etc. Wien :
Name of publisher, distributor, etc. Wiener Institut für Internationale Wirtschaftsvergleiche (wiiw),
Date of publication, distribution, etc. 2020.
300 ## - PHYSICAL DESCRIPTION
Extent 63 S.,
Other physical details 13 Tables and 31 Figures,
Dimensions 30cm.
490 1# - SERIES STATEMENT
Series statement wiiw Research Reports
Volume/sequential designation 446
520 ## - SUMMARY, ETC.
Summary, etc. The study analyses the relationships between capital dynamics, productivity, global value chains and foreign direct investment using panel data techniques. Among other results, we confirm the high importance of tangible and intangible ICT capital for productivity and GVC integration. We examine the extent of underinvestment in ICT in the EU relative to other major economies and identify bottlenecks for efficient capital allocation. The sluggish economic performance of the EU in the post-crisis period has been further challenged by the COVID-19 outbreak. Consolidating policy efforts to facilitate ICT investment, tackling the barriers to ICT adoption and broad-based digitalisation are critical for the EU in order to maintain a competitive edge and unlock new growth opportunities in the new normal.<br/>
650 ## - SUBJECT ADDED ENTRY--TOPICAL TERM
Topical term or geographic name entry element Productivity
650 ## - SUBJECT ADDED ENTRY--TOPICAL TERM
Topical term or geographic name entry element digitalisation
650 ## - SUBJECT ADDED ENTRY--TOPICAL TERM
Topical term or geographic name entry element ICT capital
650 ## - SUBJECT ADDED ENTRY--TOPICAL TERM
Topical term or geographic name entry element FDI
650 ## - SUBJECT ADDED ENTRY--TOPICAL TERM
Topical term or geographic name entry element global value chains
650 ## - SUBJECT ADDED ENTRY--TOPICAL TERM
Topical term or geographic name entry element barriers to ICT investments
650 ## - SUBJECT ADDED ENTRY--TOPICAL TERM
Topical term or geographic name entry element intangible capital
651 ## - SUBJECT ADDED ENTRY--GEOGRAPHIC NAME
Geographic name non specific
690 ## - LOCAL SUBJECT ADDED ENTRY--TOPICAL TERM (OCLC, RLIN)
Topical term or geographic name as entry element Macroeconomic Analysis and Policy
690 ## - LOCAL SUBJECT ADDED ENTRY--TOPICAL TERM (OCLC, RLIN)
Topical term or geographic name as entry element International Trade, Competitiveness and FDI
700 1# - ADDED ENTRY--PERSONAL NAME
Personal name Stehrer, Robert
9 (RLIN) 5
830 #0 - SERIES ADDED ENTRY--UNIFORM TITLE
Volume/sequential designation 446
Bibliographic record control number WIIW0000048
Title of a work wiiw Research Reports
856 40 - ELECTRONIC LOCATION AND ACCESS
Uniform Resource Identifier <a href="https://wiiw.ac.at/p-5346.html">https://wiiw.ac.at/p-5346.html</a>
942 ## - ADDED ENTRY ELEMENTS (KOHA)
Koha item type Paper
Holdings
Withdrawn status Lost status Damaged status Not for loan Home library Current library Shelving location Date acquired Inventory number Total Checkouts Full call number Barcode Date last seen Price effective from Koha item type
        WIIW WIIW Library 06/17/2020 pwiiw5346   5.600/446 1000010005346 06/17/2020 06/18/2020 Paper
The Vienna Instiute for International Economic Studies (wiiw)